Numbers in Spanish - Statistics

General Stats
  • This quiz has been taken 99 times
  • The average score is 35 of 60
Answer Stats
Hint Answer % Correct
3 tres
91%
1 uno
91%
5 cinco
89%
2 dos
89%
4 cuatro
88%
8 ocho
88%
6 seis
88%
7 siete
88%
10 diez
86%
9 nueve
86%
0 cero
81%
11 once
79%
15 quince
79%
12 doce
77%
13 trece
77%
20 veinte
77%
14 catorce
75%
16 dieciséis
68%
30 treinta
68%
100 cien
67%
19 diecinueve
67%
18 dieciocho
67%
17 diecisiete
67%
22 veintidos
67%
23 veintitres
67%
80 ochenta
63%
60 sesenta
63%
25 veinticinco
63%
24 veinticuatro
63%
90 noventa
61%
70 setenta
61%
26 veintiséis
61%
21 veintiuno
61%
50 cincuenta
60%
28 veintiocho
60%
27 veintisiete
60%
40 cuarenta
58%
29 veintinueve
53%
42 cuarenta y dos
51%
99 noventa y nueve
51%
35 treinta y cinco
51%
32 treinta y dos
51%
1000 mil
49%
400 cuatrocientos
37%
10 000 diez mil
37%
200 doscientos
37%
120 ciento veinte
35%
300 trescientos
35%
1 000 000 millón
33%
12 000 doce mil
32%
600 seiscientos
32%
500 quinientos
30%
153 ciento cincuenta y tres
28%
700 setecientos
28%
900 novecientos
26%
2 000 000 dos millones
23%
1993 mil novecientos noventa y tres
21%
287 435 doscientos ochenta y siete mil, cuatrocientos treinta y cinco
14%
125 ciento veinteycinco
12%
800 ochosientos
4%
No matching quizzes found
Score Distribution
Percent of People with Each Score
Percentile by Number Answered
Your Score History
You have not taken this quiz